Декорационные требования на сделание новой декорации для маскарадов в Большом театре

Доступно только в Электронных читальных залах Найти на картеНа карте
RUSMARC
00004065nmc2a22000003x 450
001940c167b-8cba-4f0e-b4b8-c1aec9e52b6e
00520181213131946.0
100##$a20170504l18351836k l0rusy0189 ca
1010#$arus
102##$aRU
2001#$aДекорационные требования на сделание новой декорации для маскарадов в Большом театре
$j27 декабря 1835 г. - 28 января 1836 г.
251##$cДело
300##$aДело
300##$aОриг. заголовок дела: Декорационные требования на сделание новой декорации для публичного маскарада в Большом театре. 27 декабря 1835 г. - 28 января 1836 г
801#0$aRU
$bРГИА
$c20170504
$gRCR
801#1$aRU
$bГлавНИВЦ
$c20170504
$2rusmarc
801#2$aRU
$bПБ им. Б.Н. Ельцина
$c20181213
$gRCR
$2rusmarc
850##$aРГИА
852##$aРГИА
$eФедеральное казенное учреждение "Российский государственный исторический архив" (РГИА)
$j6978
937##$hРГИА
$d12245055
$aASBIBLIO_SCAN
462#0$1001dd3991dc-24e1-42ec-8838-ca4255420416
$12001
$a1746-1850 гг.
$1251
$cОпись
$1852
$j1
461#0$10019264ebf8-de62-4f1a-9eb4-9f22098dbbd5
$12001
$aДирекция императорских театров МИДв
$1251
$cФонд
$1852
$j497
215##$a14 л.
$d36,5х26 см
371##$aДокумент не является опубликованным и широко распространяемым
105##$ay###
1222#$ad
5171#$aДекорационные требования на сделание новой декорации для публичного маскарада в Большом театре. 27 декабря 1835 г. - 28 января 1836 г
035##$a940c167b-8cba-4f0e-b4b8-c1aec9e52b6e
856##$uhttp://readingroom.main.prlib.ru/item.aspx?id_node=n121677122&mode=full
Формат отображения